000 00330nam a2200133Ia 4500
005 20251222144916.0
008 251222s9999||||xx |||||||||||||| ||spa||
020 _a85-87739-50-6
082 _a759.068.1/G84
100 _aGuarnieri Atik, MarĂ­a Luiza
245 0 _aVicente do Rego Monteiro:
264 _bMackenzie
942 _cLIB
999 _c22546
_d22546